[Event "Nichelino op 11th"]
[Site "Nichelino"]
[Date "2010.10.01"]
[Round "2"]
[White "Bullita, Simone"]
[Black "Picarella, Marco"]
[Result "0-1"]
[WhiteElo "1738"]
[BlackElo "1892"]
[PlyCount "152"]
[EventDate "2010.09.30"]
[EventType "swiss"]
[EventRounds "6"]
[EventCountry "ITA"]
[SourceTitle "EXT 2024"]
[Source "ChessBase"]
[SourceDate "2023.10.10"]
[SourceVersion "1"]
[SourceVersionDate "2023.10.10"]
[SourceQuality "1"]

1. d4 Nf6 2. Nd2 d5 3. e3 Bf5 4. Bd3 e6 5. Bxf5 exf5 6. Ne2 Bd6 7. c4 c6 8. Qb3 b6 9. Nc3 dxc4 10. Nxc4 Bc7 11. Qc2 Qd7 12. Ne2 0-0 13. 0-0 Re8 14. Rd1 Nd5 15. Nc3 Na6 16. Qb3 Rad8 17. Nxd5 cxd5 18. Na3 Re6 19. g3 Bb8 20. Qd3 Nb4 21. Qxf5 Qa4 22. Bd2 Qa5 23. Nc2 Rf6 24. Bxb4 Rxf5 25. Bxa5 bxa5 26. Ne1 g5 27. Rac1 Rf6 28. Rc3 Ra6 29. Rdc1 Kg7 30. Rc6 Rb6 31. Nd3 g4 32. R1c5 Bd6 33. Rxb6 Bxc5 34. Rc6 Bb6 35. Ne5 h5 36. Nd3 Rd7 37. Nf4 h4 38. Nh5+ Kf8 39. Nf6 Rb7 40. Nxd5 Bd8 41. Rc2 h3 42. b3 a4 43. Rc3 Rb5 44. Nf4 axb3 45. Rxb3 Ra5 46. Rb2 Ra6 47. Kf1 Rc6 48. Nd3 f6 49. Ke2 Be7 50. Kd2 Ba3 51. Rb8+ Kf7 52. Rb7+ Kg6 53. Rxa7 Bd6 54. Ra4 Rb6 55. Rc4 Ba3 56. Kc2 Kf5 57. Rc3 Bd6 58. Ne1 Bb4 59. Nd3 Bxc3 60. Kxc3 Ke4 61. a4 Kf3 62. a5 Rb8 63. d5 Rb5 64. Kc4 Rxa5 65. d6 Kg2 66. d7 Ra8 67. Nf4+ Kxh2 68. Kd5 Kg1 69. Ke6 h2 70. Kxf6 h1Q 71. Ne6 Qh7 72. d8Q Rxd8 73. Nxd8 Kxf2 74. Ne6 Kxg3 75. Ke5 Kf2 76. e4 g3 0-1

[Event "Nichelino op 11th"]
[Site "Nichelino"]
[Date "2010.09.30"]
[Round "1"]
[White "Zunino, Davide"]
[Black "Bullita, Simone"]
[Result "1-0"]
[WhiteElo "2001"]
[BlackElo "1738"]
[PlyCount "63"]
[EventDate "2010.09.30"]
[EventType "swiss"]
[EventRounds "6"]
[EventCountry "ITA"]
[SourceTitle "EXT 2024"]
[Source "ChessBase"]
[SourceDate "2023.10.10"]
[SourceVersion "1"]
[SourceVersionDate "2023.10.10"]
[SourceQuality "1"]

1. d4 e6 2. Bf4 d5 3. e3 Bd6 4. Bg3 f5 5. Bd3 Nf6 6. Nd2 Ne4 7. Ne2 Nd7 8. Bxe4 fxe4 9. Bxd6 cxd6 10. Nf4 Nf6 11. c4 Qe7 12. Qb3 g5 13. Ne2 dxc4 14. Nxc4 0-0 15. 0-0 b6 16. Qa3 Ne8 17. Nxb6 Rb8 18. Nxc8 Rxc8 19. Nc3 Rf6 20. Nxe4 Rh6 21. Qd3 g4 22. g3 Qf7 23. Qe2 Qh5 24. h4 d5 25. Nc5 Rf6 26. Nd3 Rf3 27. Ne5 Nd6 28. Nxf3 gxf3 29. Qa6 Qg4 30. Kh2 Rc2 31. Qxd6 Rc8 32. Qf4 1-0